Geography by Picture - R - Statistics

General Stats
  • This quiz has been taken 41,076 times
  • The average score is 11 of 18
Answer Stats
Picture Hint Answer % Correct
capital city Rome
98%
Landmark Mount {Rushmore}
93%
city Rio de Janeiro
80%
U.S. state Rhode Island
79%
underwater formation Reef
78%
type of ecosystem Tropical {Rainforest}
78%
mountain range {Rocky} Mountains
77%
country Romania
75%
religious movement Rastafari
69%
region French {Riviera}
65%
building {Reich}stag
64%
city Rotterdam
59%
capital city Reykjavík
58%
mountain (in background) Mount {Rainier}
44%
city (former spelling) Rangoon
36%
capital city Rabat
34%
island (indigenous name) {Rapa} Nui
33%
ice shelf (in red) {Ross} Ice Shelf
19%
No matching quizzes found
Score Distribution
Percent of People with Each Score
Percentile by Number Answered
Your Score History
You have not taken this quiz